000
00280nam a2200121Ia 4500
008
190216s9999||||xx |||||||||||||| ||und||
100
_a
Gupta Kumar And Sengal
245
0
_a
Mechanics
260
_b
Pragathi Prakashan
_c
1989
300
_a
316p
650
_a
Physics
942
_c
BK
999
_c
33246
_d
33246